[Event "Czech League 2007/08 (2nd) (c)"]
[Site "masterchessopen.com Czech Republic"]
[Date "2007.12.02"]
[Round "4"]
[White "Benes Petr (CZE)"]
[Black "Munk Petr (CZE)"]
[Result "0-1"]
[WhiteElo "2148"]
[BlackElo "2221"]

1.d4 Nf6 2.Nf3 g6 3.g3 Bg7 4.Bg2 O-O 5.O-O d6 6.c4 Nc6 7.Nc3 a6 8.d5 Na5 9.Qd3
c5 10.e4 b5 11.Nd2 Ng4 12.cxb5 axb5 13.Qxb5 Ba6 14.Qa4 Bxf1 15.Bxf1 Bd4 16.Nd1
Qb6 17.Qb5 Qxb5 18.Bxb5 f5 19.Rb1 f4 20.h3 Nxf2 21.Nxf2 fxg3 22.Nf1 Rxf2 {#R}
0-1

[Event "Cup Pichay (open)"]
[Site "masterchessopen.com Manila (Philippines)"]
[Date "2007.12.04"]
[Round "6"]
[White "Nouri Hamed (PHI)"]
[Black "Firmansyah Farid"]
[Result "1-0"]
[WhiteElo "2404"]
[BlackElo "2142"]

1.Nf3 Nf6 2.c4 g6 3.Nc3 Bg7 4.g3 O-O 5.Bg2 d6 6.d4 Nc6 7.O-O a6 8.b3 Rb8 9.a4
e5 10.dxe5 Ng4 11.Bg5 Qd7 12.Nd5 Ncxe5 13.Nxe5 dxe5 14.h3 f6 15.Bd2 Nh6 16.Bb4
Rf7 17.Nxc7 b5 18.axb5 Qxc7 19.Bd6 Qb6 20.Bxb8 Qxb8 21.bxa6 Ra7 22.Qd8+ Bf8
23.Qxf6 Qxb3 24.Bd5+ Nf7 25.Rab1 Qa4 26.Rb7 {#r} 1-0

[Event "Tournament (Elo) (a)"]
[Site "masterchessopen.com Budapest (Hungary)"]
[Date "2007.12.10"]
[Round "10"]
[White "Palotas Peter (HUN)"]
[Black "Darazs Zoltan (HUN)"]
[Result "1-0"]
[WhiteElo "2000"]
[BlackElo "2256"]

1.d4 Nf6 2.c4 g6 3.g3 Bg7 4.Bg2 O-O 5.Nf3 d6 6.Nc3 Nc6 7.O-O a6 8.h3 e5 9.dxe5
Nxe5 10.Nxe5 dxe5 11.Qxd8 Rxd8 12.Bg5 Re8 13.Rad1 Rb8 14.Rd2 Be6 15.Nd5 Bxd5
16.cxd5 h6 17.Be3 Red8 18.Rc1 Rd7 19.Rdc2 Rc8 20.h4 Nxd5 21.Rd2 c6 22.Rxd5
{#r} 1-0

[Event "Memorial P.Keres (w)"]
[Site "masterchessopen.com Tallinn (Estonia)"]
[Round "4"]
[White "Shumiakina Tatiana (RUS)"]
[Black "Skinke Katrina (LAT)"]
[Result "1-0"]
[WhiteElo "2341"]
[BlackElo "2186"]

1.d4 Nf6 2.Nf3 g6 3.c4 d6 4.g3 Bg7 5.Bg2 O-O 6.O-O Nc6 7.Nc3 a6 8.d5 Na5 9.b3
c5 10.dxc6 Nxc6 11.Bb2 d5 12.Nxd5 Nxd5 13.Bxg7 Ne3 14.Qxd8 Rxd8 15.fxe3 Kxg7
16.Rad1 Rxd1 17.Rxd1 e5 18.Ng5 Bg4 19.h3 h6 20.Nxf7 Kxf7 21.hxg4 Rd8 22.Rxd8
Nxd8 23.Bd5+ Kf6 24.Kf2 a5 25.Kf3 Nc6 26.a3 {#r} 1-0

[Event "Memorial Jose Marca (open)"]
[Site "masterchessopen.com Lima (Peru)"]
[Date "2008.01.15"]
[Round "1"]
[White "Cori T Deysi (PER)"]
[Black "Alzola Enrique (PER)"]
[Result "1-0"]
[WhiteElo "2279"]
[BlackElo "2049"]

1.d4 Nf6 2.Nf3 g6 3.c4 Bg7 4.g3 O-O 5.Bg2 d6 6.O-O Nc6 7.Nc3 a6 8.h3 Rb8 9.e4
e5 10.Be3 b5 11.cxb5 axb5 12.Qc2 Bd7 13.dxe5 dxe5 14.Rfd1 Qc8 15.Kh2 Re8
16.Rac1 Nb4 17.Qb3 Na6 18.Ng5 Re7 19.Nd5 Nxd5 20.exd5 Bh6 21.d6 Bxg5 22.Bxg5
Re8 23.dxc7 Nxc7 24.Rc5 e4 25.Qc3 b4 26.Qc1 Rb7 27.Bf4 {#r} 1-0

[Event "Memorial Jose Marca (open)"]
[Site "masterchessopen.com Lima (Peru)"]
[Date "2008.01.17"]
[Round "3"]
[White "Principe Gerson (PER)"]
[Black "Garcia Javier (PER)"]
[Result "0-1"]
[WhiteElo "1943"]
[BlackElo "2288"]

1.Nf3 g6 2.d4 Bg7 3.c4 d6 4.g3 Nf6 5.Bg2 O-O 6.O-O a6 7.Nc3 Nc6 8.h3 Rb8 9.d5
Na5 10.Qd3 c5 11.e4 b5 12.Nd2 e6 13.dxe6 Bxe6 14.Nd5 bxc4 15.Nxc4 Nxd5 16.exd5
Bf5 17.Qe2 Re8 18.Ne3 c4 19.Qd2 Bd3 20.Rd1 Qc7 21.Qe1 Rxb2 22.Bxb2 Bxb2
23.Rac1 Qc5 24.Bf1 Bxf1 25.Qxf1 Bxc1 26.Rxc1 Re4 27.Rc2 h5 28.Qb1 Kh7 29.Qb2
Qd4 30.Qa3 Rxe3 {#R} 0-1

[Event "It (open) (b)"]
[Site "masterchessopen.com Nova Gorica (Slovenia)"]
[Date "2008.01.27"]
[Round "4"]
[White "Peranovic Zdravko"]
[Black "Urbanc Vinko (SLO)"]
[Result "0-1"]
[WhiteElo "1587"]
[BlackElo "1905"]

1.d4 Nf6 2.c4 g6 3.Nf3 Bg7 4.Nc3 O-O 5.g3 d6 6.Bg2 Nc6 7.O-O a6 8.Bg5 h6 9.Bd2
e5 10.d5 Ne7 11.e4 Ne8 12.Nh4 g5 13.Nf3 Ng6 14.h3 f5 15.exf5 Bxf5 16.Be3 g4
17.Nh2 gxh3 18.Be4 Bxe4 19.Nxe4 Ne7 20.Qd2 {#R} 0-1

[Event "It (open) (masters)"]
[Site "masterchessopen.com Gibraltar (England)"]
[Date "2008.01.29"]
[Round "8"]
[White "Cmilyte Viktorija (LTU)"]
[Black "Akobian Varuzhan (USA)"]
[Result "1-0"]
[WhiteElo "2512"]
[BlackElo "2606"]

{ Cmilyte Viktorija (LTU) +1 =0 -0 } 1.d4 Nf6 2.c4 g6 3.g3 Bg7 4.Bg2 O-O 5.Nc3
d6 6.Nf3 Nc6 7.O-O a6 8.h3 { ? } 8...Bf5 ( 8...Bd7 9.e4 e5 10.dxe5 dxe5 11.Be3
Be6 12.Qa4 Qc8 13.Kh2 Re8 14.Rfd1 h6 15.c5 Rd8 16.b4 g5 17.Rxd8+ Qxd8 18.Rd1
Qf8 19.b5 axb5 20.Qxb5 Rb8 21.g4 Nd7 22.Ne2 Qe8 23.Rd2 Nf8 24.Ng3 Ng6 25.Nf5
Nf4 26.a4 Bxf5 27.gxf5 Nh5 28.Ng1 { ...1-0, Mamedyarov Shakhriyar 2728 -
Bologan Viktor 2659 , Sochi 26. 4.2006 Ch Russia (club) } ) ( 8...Rb8 9.e4 b5
10.cxb5 axb5 11.Re1 Nd7 12.Be3 Na5 13.b3 c5 14.Rc1 c4 15.b4 Nc6 16.a3 e5 17.d5
Ne7 18.a4 bxa4 19.Qxa4 f5 20.Ng5 Nb6 21.Qa7 Rb7 22.Bxb6 Qxb6 23.Qxb6 Rxb6
24.b5 Bh6 25.h4 Bd7 26.Ra1 Bxg5 27.hxg5 Bxb5 28.Ra7 { ...1-0, Morozevich
Alexander 2758 - Motylev Alexander 2651 , Moscow 27.11.2004 Ch Russia } ) 9.d5
( 9.Nh4 Bd7 10.b3 Qc8 11.d5 Na5 12.Kh2 b5 13.cxb5 axb5 14.Bd2 Qb7 15.e4 c5
16.f4 b4 17.Ne2 Nxd5 18.exd5 Bxa1 19.Qxa1 Nxb3 20.Qb2 Nxd2 21.Qxd2 Bb5 22.Re1
Bxe2 23.Rxe2 c4 24.f5 b3 25.axb3 cxb3 26.Qh6 b2 27.Nf3 f6 28.fxg6 e5 { ...1-0,
Jaracz Pawel 2492 - Socko Bartosz 2610 , Poznan 27. 4.2005 Ch Poland } ) (
9.g4 Bd7 10.e4 e5 11.Be3 h5 12.g5 Nh7 13.h4 Bg4 14.Ne2 f5 15.dxe5 dxe5 16.Qxd8
Rfxd8 17.Nc3 f4 18.Bc5 b6 19.Ba3 Rd3 20.Ne1 Rxc3 21.bxc3 Be2 22.Nc2 Bxf1
23.Bxf1 Rd8 24.Nb4 Nxb4 25.cxb4 Nf8 26.b5 a5 27.c5 Rd4 28.cxb6 cxb6 {
...1/2-1/2, Nefediev Alexander 2318 - Kondenko Alexey 2332 , St. Petersburg
2002 Memorial M.Chigorin (open) ( b) } ) 9...Na5 ( 9...Na7 10.Nd4 Bd7 11.e4 c5
12.dxc6 Nxc6 13.Be3 Nxd4 14.Bxd4 Qc8 15.Bxf6 Bxf6 16.Nd5 Bxh3 17.Nb6 Qc6
18.Nxa8 Bxg2 19.Kxg2 Qxe4+ 20.Kg1 Rxa8 21.Qd5 Qxd5 22.cxd5 b6 23.Rab1 Rc8
24.Rfc1 Rxc1+ 25.Rxc1 Bxb2 26.Rc7 Kf8 27.Kg2 f5 28.f4 Kf7 29.Kf3 { ...0-1,
Hudecek Jan 2311 - Shtyrenkov Veniamen 2440 , Pardubice 1992 It (open)
"Trimex" } ) 10.Nd4 Bd7 11.b3 c5 ( 11...Qc8 12.Kh2 c5 13.dxc6 bxc6 14.Be3 c5
15.Nf3 Nc6 16.Qd2 Re8 17.Bh6 Bh8 18.Rac1 Rb8 19.e4 a5 20.Rfe1 Nd4 21.Nxd4 cxd4
22.Nd5 Qc5 23.Bg5 Nxd5 24.exd5 Be5 25.f4 Bf6 26.Bxf6 { 1/2-1/2, Vaulin
Alexander 2515 - Ryskin Alexander 2440 , Ajka 1992 It (open) } ) ( 11...Rb8
12.e4 c5 13.dxc6 bxc6 14.Be3 e5 15.Nc2 Be6 16.Qd2 Qc8 17.Kh2 Rd8 18.f4 exf4
19.gxf4 Nh5 20.Rad1 Qc7 21.Nd4 g5 22.Nde2 f5 23.exf5 Bxf5 24.Nd5 cxd5 25.Qxd5+
Qf7 26.fxg5 Be5+ 27.Kg1 Ng7 28.Qxa5 Qh5 29.Qd5+ Kh8 30.Qf3 Qg6 31.Nf4 {
...1-0, Blagojevic Dragisa 2532 - Hanko Pavol 2180 , Pula 1990 It (open) } )
12.dxc6 bxc6 { -0.11 CAP N } ( 12...Nxc6 13.Bb2 Qc8 14.Nxc6 Bxc6 15.Qd3 Re8
16.e4 b5 17.cxb5 axb5 18.Nxb5 Qb7 19.a4 Rab8 20.Rfc1 Bxb5 21.axb5 Qxb5 22.Qxb5
Rxb5 23.e5 dxe5 24.Bc6 Rxb3 25.Bxe8 Nxe8 26.Ra8 f5 27.Ba3 Kf7 28.Rcc8 Nf6
29.Ra7 Ng8 30.Raa8 Nf6 31.Ra7 Ng8 32.Raa8 { ...0-1, Vaganian Rafael A 2640 -
Inarkiev Ernesto 2604 , Sochi 4.2004 Ch Russia (club) (active) } ) 13.e4 Qc8
14.Kh2 Ne8 15.Be3 f5 { ?! } ( 15...c5 { !? } 16.Nde2 Nc6 17.Qd2 Nf6 18.Nf4 Nd4
19.Ncd5 Qd8 { } ) 16.exf5 gxf5 17.b4 Nb7 18.b5 axb5 19.cxb5 cxb5 20.Nd5 Qd8
21.Bg5 Nf6 22.Nxf6+ exf6 23.Bf4 Ra7 24.Nxb5 Bxb5 25.Qd5+ Kh8 26.Qxb5 Nc5
27.Rfd1 Ra6 28.a4 Qc7 29.Rd5 Ra5 30.Bxd6 { } {#r} 1-0

[Event "Ch Region (juniors) (under 18)"]
[Site "masterchessopen.com Matosinhos (Portugal)"]
[Date "2008.02.04"]
[Round "3"]
[White "Margarido Ricardo Emanuel Torre (POR)"]
[Black "Silva Lucas"]
[Result "0-1"]
[WhiteElo "1978"]
[BlackElo "1882"]

1.c4 Nf6 2.Nc3 g6 3.d4 Bg7 4.Nf3 O-O 5.g3 d6 6.Bg2 a6 7.O-O Nc6 8.e4 Rb8 9.Qe2
Bg4 10.Rd1 e5 11.dxe5 Nxe5 12.c5 Ne8 13.Bf4 c6 14.h3 Bxf3 15.Bxf3 Qe7 16.cxd6
Nxd6 17.Bg2 Rbd8 18.Be3 Ndc4 19.Bd4 Qb4 20.Rab1 Nf3+ 21.Bxf3 Bxd4 22.a3 Qb3
23.Rd3 Ne5 24.Rdd1 Bxc3 25.Qd3 Nxf3+ 26.Qxf3 Rxd1+ 27.Rxd1 Qxb2 28.Rd7 Be5
29.h4 f5 {#R} 0-1

[Event "Bayern Regionalliga Northeast 2007/08"]
[Site "masterchessopen.com Bayern (Germany)"]
[Date "2008.02.17"]
[Round "6"]
[White "Kanewski Josef (GER)"]
[Black "Stiller Juergen (GER)"]
[Result "0-1"]
[WhiteElo "1991"]
[BlackElo "2227"]

1.d4 Nf6 2.c4 g6 3.g3 Bg7 4.Bg2 d6 5.Nc3 O-O 6.Nf3 Nc6 7.O-O a6 8.Qc2 Rb8 9.b3
b5 10.cxb5 Nb4 11.Qd2 axb5 12.Bb2 c5 13.Rfd1 Qb6 14.a4 Be6 15.Ra3 Nc2 16.a5
Qa6 17.Qxc2 b4 18.Raa1 bxc3 19.Qxc3 Rxb3 20.Qc2 Rfb8 21.Ba3 Bf5 22.Qd2 Ne4
{#R} 0-1

[Event "Ch Moscow (w)"]
[Site "masterchessopen.com Moscow (Russia)"]
[Date "2008.03.20"]
[Round "1"]
[White "Fominykh Maria (RUS)"]
[Black "Koroteeva Ksenia (RUS)"]
[Result "1-0"]
[WhiteElo "2280"]
[BlackElo "1936"]

1.Nf3 Nf6 2.g3 g6 3.d4 Bg7 4.Bg2 d6 5.c4 O-O 6.Nc3 a6 7.O-O Nc6 8.h3 e5 9.Be3
Re8 10.Qd2 Bf5 11.d5 Ne7 12.Nh4 Qc8 13.Kh2 Bd7 14.Bh6 Nf5 15.Nxf5 Bxf5 16.e4
Bd7 17.Bxg7 Kxg7 18.f4 Qd8 19.Rf2 Nh5 20.fxe5 Rxe5 21.Raf1 f5 22.exf5 Rxf5
23.g4 Rxf2 24.Qxf2 Nf6 25.Qd4 {#r} 1-0

[Event "Ch Russia (juniors) (under 16)"]
[Site "masterchessopen.com Dagomys (Russia)"]
[Round "5"]
[White "Demidov Mikhail (RUS)"]
[Black "Matveev Vladimir (RUS)"]
[Result "1-0"]
[WhiteElo "2288"]
[BlackElo "2222"]

1.Nf3 Nf6 2.g3 g6 3.Bg2 Bg7 4.d4 O-O 5.c4 d6 6.O-O Nc6 7.Nc3 a6 8.h3 Rb8 9.e4
b5 10.e5 dxe5 11.dxe5 Qxd1 12.Rxd1 Nd7 13.e6 fxe6 14.cxb5 Nce5 15.Nd4 Nc5
16.f4 Ned3 17.Nc6 Rb6 18.Nxe7+ Kh8 19.Nxc8 Rxc8 20.Be3 Nxb2 21.Bxc5 Nxd1
22.Rxd1 Bxc3 23.Bxb6 axb5 24.Bc5 e5 25.Bc6 {#r} 1-0

[Event "Ch Europe"]
[Site "masterchessopen.com Plovdiv (Bulgaria)"]
[Date "2008.04.21"]
[Round "1"]
[White "Vlashki Nino (BUL)"]
[Black "Zhigalko Andrey (BLR)"]
[Result "0-1"]
[WhiteElo "2199"]
[BlackElo "2568"]

1.Nf3 Nf6 2.g3 g6 3.Bg2 Bg7 4.O-O O-O 5.c4 d6 6.d4 Nc6 7.Nc3 a6 8.b3 Rb8 9.Bb2
b5 10.d5 Na5 11.cxb5 axb5 12.Nd4 b4 13.Na4 e5 14.Nc2 Bd7 15.Rb1 c5 16.dxc6
Bxc6 17.Qe1 Bxg2 18.Kxg2 Nc6 19.Qd2 d5 20.Rfd1 d4 21.e3 Qd5+ 22.Kg1 Ne4 23.Qe2
Ng5 24.Qg4 Nf3+ 25.Kg2 Ne1+ 26.Kf1 Nxc2 27.Rbc1 Nxe3+ 28.fxe3 Qh1+ 29.Ke2
Qxh2+ 30.Kf1 dxe3 {#R} 0-1

[Event "Ch Hamburg (open)"]
[Site "masterchessopen.com Hamburg (Germany)"]
[Date "2008.05.14"]
[Round "5"]
[White "Adly Ahmed (EGY)"]
[Black "Huschenbeth Niclas (GER)"]
[Result "1-0"]
[WhiteElo "2586"]
[BlackElo "2417"]

{ Adly Ahmed (EGY) +3 =0 -0 Huschenbeth Niclas (GER) +3 =1 -1 } 1.d4 Nf6 2.Nf3
g6 3.c4 Bg7 4.g3 O-O 5.Bg2 d6 6.O-O Nc6 7.Nc3 a6 8.Re1 { ? } ( 8.h3 e5 9.dxe5
dxe5 10.Be3 Be6 11.Ng5 Bxc4 12.b3 Be6 13.Nxe6 fxe6 14.Bxc6 bxc6 15.Qxd8 Rfxd8
16.Bg5 a5 17.Rac1 Kf7 18.Rc2 Ra6 19.Rfc1 Ke8 20.Na4 Ke7 21.Kg2 Rd5 22.e3 e4
23.Bxf6+ Bxf6 24.Nc5 Rb6 25.Nxe4 Rb4 26.Nc5 Be5 27.Na4 g5 { ...1-0, Marin
Mihail 2557 - Shirov Alexei 2746 , Barcelona 2000 Ch Spain (team) } ) 8...Rb8
9.Rb1 Na5 10.Qd3 { = } ( 10.Qa4 c5 11.dxc5 Bd7 12.Qc2 dxc5 13.Bf4 Rc8 14.Ne5
Be6 15.Rbd1 Qe8 16.Nd5 Bxd5 17.cxd5 Nh5 18.Bh3 Nxf4 19.gxf4 e6 20.dxe6 fxe6
21.Rd6 Rf6 22.Red1 Kh8 23.Qe4 Nc6 24.Nxc6 bxc6 25.Bxe6 Rf8 26.b3 Rb8 27.e3 g5
28.f5 Rb4 29.Qf3 Be5 { ...1-0, Karpov Anatoly 2775 - Smirin Ilia 2625 , Cap
d'Agde 1996 It (active) } ) ( 10.b3 b5 11.cxb5 axb5 12.b4 Nc4 13.a4 bxa4
14.Qxa4 Nd7 15.b5 Ndb6 16.Qc2 Bd7 17.Rb4 c5 18.bxc6 Bxc6 19.Qd3 d5 20.Bf4 Rc8
21.h4 h5 22.Ne5 Nxe5 23.Bxe5 e6 24.Bxg7 Kxg7 25.e3 Nc4 26.Ne2 Qa5 27.Qc3 Nd6
28.Ra1 Qd8 29.Nf4 Bb5 { ...1/2-1/2, Salov Valery 2680 - Tkachiev Vladislav
2615 , Groningen 1997 Ch World FIDE } ) 10...b5 ( 10...c5 11.b4 cxb4 12.Rxb4
Qc7 13.e4 e5 14.dxe5 dxe5 15.Be3 Nd7 16.Nd5 Nc5 17.Qa3 { 1-0, Adly Ahmed 2482
- Mangwengwende John 2116 , England 31. 5.2004 Ch England (team) 2003/04 (3
div) } ) 11.cxb5 axb5 ( 11...d5 12.Ra1 axb5 13.Ne5 Bf5 14.Qd1 c5 15.dxc5 d4
16.Nb1 Qc7 17.Nf3 e5 18.e3 { 1/2-1/2, Ribli Zoltan 2568 - Langheinrich Ferenc
2366 , Germany 2002 Bundesliga 2002/03 } ) 12.b4 Nc4 13.d5 ( 13.Nxb5 d5 14.Na3
Bf5 15.Qb3 Bxb1 16.Qxb1 Nxa3 17.Bxa3 Ne4 18.Qb3 c5 19.dxc5 Nxc5 20.Qc2 Ne4
21.Qb3 Qb6 22.e3 e6 23.Bf1 Rfc8 24.b5 Rc3 25.Qa4 Nc5 26.Qb4 Nd3 27.Bxd3 Rxd3
28.Qd6 Qxd6 29.Bxd6 Rxb5 30.a4 Rb6 31.Bc5 Rc6 32.Be7 Rb3 { ...0-1, Aramil
William J 2222 - Vigorito David 2347 , Las Vegas 13. 6.2006 It "Las Vegas
Masters" } ) 13...Ng4 { N } ( 13...Bf5 14.e4 Bd7 15.a4 Ng4 16.Nxb5 Nb6 17.a5
Nxd5 18.exd5 Bxb5 19.Qd1 c5 20.dxc6 Bxc6 21.Bg5 f6 22.Nd4 Bxg2 23.Kxg2 Qd7
24.Ne6 Qb7+ 25.Qf3 Qxf3+ 26.Kxf3 Ne5+ 27.Rxe5 fxg5+ 28.Nxf8 Rxf8+ 29.Ke4 Bxe5
30.b5 Kf7 31.f4 gxf4 32.gxf4 Bc3 33.a6 { ...1/2-1/2, Kveinys Aloyzas 2540 -
Navara David 2725 , Ustron 5. 9.2006 Ch Poland (team) (extraliga) } ) (
13...Bd7 14.a4 Ng4 15.Nxb5 Nce5 16.Qb3 Bxb5 17.axb5 Qd7 18.Nd4 Nxf2 19.Nc6
Nh3+ 20.Kh1 Nf2+ 21.Kg1 Nh3+ 22.Kh1 Rxb5 23.Nxe5 Bxe5 24.Rf1 f6 25.Bd2 Ng5
26.Bxg5 fxg5 27.Rxf8+ Kxf8 28.Rf1+ Kg7 29.Qa4 Qe8 30.Be4 Qb8 31.Rb1 Bf6 32.Qb3
Qa7 33.Bd3 { ...0-1, Vojinovic Goran 2435 - Pikula Dejan 2480 , Belgrade 1999
It (sheveningen) } ) ( 13...e6 14.Bg5 h6 15.Bxf6 Qxf6 16.Rec1 exd5 17.Nxd5 Qd8
18.Nd4 Bd7 19.a4 Ne5 20.Qa3 Nc4 21.Qd3 Ne5 22.Qc2 c6 23.Nc3 bxa4 24.Nxa4 c5
25.bxc5 Rxb1 26.Rxb1 Bxa4 27.Qxa4 dxc5 28.Nc6 Qd7 29.Rd1 Qc7 30.Nxe5 Qxe5
31.Qc4 Qe7 32.Rc1 Rc8 33.Bd5 { ...1-0, Adly Ahmed 2494 - Nijboer Friso 2559 ,
Groningen 29.12.2007 It (open) } ) 14.Nd4 { +0.33 CAP } 14...Nge5 15.Qd1 Bd7
16.e3 Qe8 17.f4 Ng4 18.Qe2 e5 { ?! } ( 18...Bf5 { !? } 19.Rb3 Bxd4 20.exd4 Nf6
21.Bf1 Nb6 22.Qxb5 Qxb5 23.Bxb5 Nbxd5 24.Bc4 Be6 25.Nxd5 Nxd5 { } ) 19.dxe6
Bxe6 20.Ncxb5 Ngxe3 21.Bxe3 Rxb5 22.Nxb5 Qxb5 23.Bf2 Qa4 24.Qd1 Qa6 25.Bd5 Nb2
26.Qb3 Nd3 27.b5 Qa8 28.Rxe6 { } {#r} 1-0

[Event "Memorial R.Nezhmetdinov (open)"]
[Site "masterchessopen.com Kazan (Russia)"]
[Date "2008.06.06"]
[Round "6"]
[White "Rodchenkov Sergey D (RUS)"]
[Black "Vasiljev Vasili_ (RUS)"]
[Result "0-1"]
[WhiteElo "2306"]
[BlackElo "2192"]

1.d4 Nf6 2.Nf3 g6 3.g3 Bg7 4.Bg2 O-O 5.O-O d6 6.c4 Nc6 7.Nc3 a6 8.Nd5 Rb8
9.Bg5 Ne4 10.Be3 Bd7 11.Rc1 e6 12.Nf4 b5 13.d5 Na5 14.cxb5 Bxb2 15.Rb1 Nc3
{#R} 0-1

[Event "Ch Pan-American (juniors) (under 20)"]
[Site "masterchessopen.com Cali (Colombia)"]
[Date "2008.06.14"]
[Round "8"]
[White "Cordova Emilio (PER)"]
[Black "Fernandez Fernando (PER)"]
[Result "1-0"]
[WhiteElo "2533"]
[BlackElo "2292"]

1.d4 Nf6 2.Nf3 g6 3.c4 Bg7 4.Nc3 O-O 5.g3 d6 6.Bg2 Nc6 7.O-O a6 8.e3 Rb8 9.e4
e5 10.d5 Ne7 11.b4 Nd7 12.a4 h6 13.c5 f5 14.Ba3 Nf6 15.Nd2 Rf7 16.b5 Ne8 17.a5
axb5 18.Nxb5 fxe4 19.Nxe4 Nf5 20.cxd6 Nfxd6 21.Nbc3 Nf5 22.Nc5 Nd4 23.Ne6 Qd7
24.Nxg7 Kxg7 25.f4 Qf5 26.Ne4 h5 27.Bb2 {#r} 1-0

[Event "Tournament (open)"]
[Site "masterchessopen.com Kemerovo (Russia)"]
[Date "2008.07.24"]
[Round "7"]
[White "Siuniakov Igor (RUS)"]
[Black "Pokazanjev Nikolai (RUS)"]
[Result "0-1"]
[WhiteElo "2282"]
[BlackElo "2475"]

1.d4 Nf6 2.c4 g6 3.Nf3 Bg7 4.Nc3 O-O 5.g3 d6 6.Bg2 Nc6 7.O-O a6 8.h3 Rb8 9.e4
b5 10.cxb5 axb5 11.e5 Ne8 12.Bf4 b4 13.Ne4 Bb7 14.Re1 e6 15.Bg5 Ne7 16.Nf6+
Kh8 17.Qc1 Bxf6 18.exf6 Ng8 19.Qf4 Nexf6 20.Rac1 Kg7 21.Re2 h6 22.Bh4 Ra8
23.Rec2 Rxa2 24.Rxc7 Bxf3 25.Bxf3 Rxb2 26.Rb7 b3 27.Be4 Qa5 28.Rcc7 Qe1+ {#R}
0-1

[Event "It (open)"]
[Site "masterchessopen.com Poznan (Poland)"]
[Date "2008.07.25"]
[Round "7"]
[White "Wojtkowski Pawel (POL)"]
[Black "Szelag Marcin (POL)"]
[Result "0-1"]
[WhiteElo "2115"]
[BlackElo "2468"]

1.Nf3 Nf6 2.c4 g6 3.g3 Bg7 4.Bg2 O-O 5.O-O d6 6.d4 Nc6 7.Nc3 a6 8.Qd3 Nd7
9.Be3 Rb8 10.Rac1 e6 11.a3 Ne7 12.Rfd1 b5 13.cxb5 axb5 14.Na2 Bb7 15.Nb4 h6
16.Qc2 Rc8 17.Ne1 Bxg2 18.Kxg2 c5 19.dxc5 dxc5 20.Nbd3 c4 21.Nb4 Nf5 22.Nf3
Nxe3+ 23.fxe3 Qe7 24.Nd4 Nc5 25.Nxb5 Qb7+ {#R} 0-1

[Event "Tournament (open)"]
[Site "masterchessopen.com Novokuznetsk (Russia)"]
[Date "2008.08.13"]
[Round "2"]
[White "Pereboev Konstantin (RUS)"]
[Black "Sagitov Denis (RUS)"]
[Result "1-0"]
[WhiteElo "2248"]
[BlackElo "2081"]

1.d4 Nf6 2.c4 g6 3.g3 Bg7 4.Bg2 O-O 5.Nf3 d6 6.O-O a6 7.Nc3 Nc6 8.d5 Na7 9.a4
Rb8 10.Be3 c5 11.h3 Qc7 12.a5 b5 13.axb6 Rxb6 14.Ra2 Bd7 15.Qd2 Ra8 16.Bh6 Bh8
17.e4 e5 18.Ng5 Be8 19.f4 Nh5 20.Ne2 Rb3 21.Bf3 exf4 22.Bxh5 gxh5 23.Rxf4 Be5
24.Rf5 Qe7 25.Nf3 f6 26.Nxe5 dxe5 27.Rxa6 Bg6 28.Rfxf6 Bxe4 29.Qg5+ Kh8
30.Rf8+ {#r} 1-0

[Event "Olympiad (juniors) (under 16) (team)"]
[Site "masterchessopen.com Mersin (Turkey)"]
[Date "2008.08.19"]
[Round "4"]
[White "Tulay Seray (TUR)"]
[Black "Kadric Denis (BIH)"]
[Result "0-1"]
[WhiteElo "1773"]
[BlackElo "1957"]

1.d4 Nf6 2.Nf3 g6 3.g3 Bg7 4.Bg2 O-O 5.O-O d6 6.c4 Nc6 7.Nc3 a6 8.a3 Nd7 9.Rb1
Na5 10.Qa4 c5 11.e3 Nc6 12.Qd1 Nb6 13.Qd3 Bf5 14.e4 Bg4 15.dxc5 dxc5 16.Nd5 e6
17.Nf4 Bxf3 18.Qxf3 Nxc4 19.Rd1 Qe7 20.Nd3 Rfd8 21.Bf4 e5 22.Rbc1 Nd4 23.Qg4
h5 {#R} 0-1

[Event "Memorial E.Geller (open)"]
[Site "masterchessopen.com Odessa (Ukraine)"]
[Date "2008.09.14"]
[Round "6"]
[White "Funtikov Mikhail (UKR)"]
[Black "Bernadskiy Vitaliy (UKR)"]
[Result "0-1"]
[WhiteElo "2079"]
[BlackElo "2319"]

1.d4 Nf6 2.Nf3 g6 3.g3 Bg7 4.Bg2 O-O 5.O-O d6 6.c4 Nc6 7.Nc3 a6 8.e4 Nd7 9.Be3
e5 10.Qd2 exd4 11.Nxd4 Nde5 12.b3 Ng4 13.Nxc6 bxc6 14.Bd4 Bh6 15.f4 c5 16.Bf2
Bg7 17.Kh1 Bb7 18.Bg1 Qd7 19.Bxc5 Bxc3 20.Qxc3 dxc5 21.Rad1 Nf2+ {#R} 0-1

[Event "It (open) \"]
[Site "masterchessopen.com Tatranske Zruby (Slovakia)"]
[Date "2008.10.02"]
[Round "7"]
[White "Mosny Jaroslav (SVK)"]
[Black "Sejkora Vlastimil (CZE)"]
[Result "0-1"]
[WhiteElo "2018"]
[BlackElo "2206"]

1.d4 Nf6 2.Nf3 g6 3.g3 Bg7 4.Bg2 d6 5.O-O O-O 6.c4 Nc6 7.Nc3 a6 8.b3 Bg4 9.Bb2
e5 10.dxe5 dxe5 11.h3 Bd7 12.Qd2 Re8 13.Rad1 h6 14.e4 b5 15.cxb5 axb5 16.Rfe1
Kh7 17.a4 bxa4 18.bxa4 Qc8 19.Kh2 Nd4 20.Nxd4 exd4 21.Qxd4 Ng4+ {#R} 0-1

[Event "It (young masters) (cat.4)"]
[Site "masterchessopen.com Winterthur (Switzerland)"]
[Date "2008.10.04"]
[Round "2"]
[White "Carron Julien (SUI)"]
[Black "Pokazanjev Nikolai (RUS)"]
[Result "0-1"]
[WhiteElo "2414"]
[BlackElo "2475"]

1.d4 Nf6 2.c4 g6 3.g3 Bg7 4.Bg2 O-O 5.Nc3 d6 6.Nf3 Nc6 7.O-O a6 8.Re1 Bd7
9.Rb1 Re8 10.b4 e5 11.d5 Nd4 12.Nd2 Bf5 13.e4 Bc8 14.Nb3 c6 15.Qd3 cxd5
16.cxd5 Bd7 17.Bd2 Rc8 18.Rec1 Qb6 19.Na5 Ng4 20.h3 Nh6 21.Be3 f5 22.f3 Nf7
23.Kh1 Rc7 24.Rd1 Rec8 25.Ne2 Bb5 26.Qd2 Rc2 27.Rbc1 Bxe2 28.Bxd4 Qxd4 {#R}
0-1

[Event "World Mindsports Games (Blitz Pair)"]
[Site "masterchessopen.com Beijing (China)"]
[Date "2008.10.08"]
[Round "9"]
[White "Houska Jovanka (ENG)"]
[Black "Hernandez Yadira (MEX)"]
[Result "1-0"]
[WhiteElo "2399"]
[BlackElo "2218"]

1.d4 Nf6 2.Nf3 d6 3.c4 g6 4.g3 Bg7 5.Bg2 O-O 6.O-O Nc6 7.Nc3 a6 8.b3 Rb8 9.Nd5
e6 10.Nxf6+ Bxf6 11.Bh6 Re8 12.Rc1 e5 13.dxe5 Nxe5 14.Nxe5 Bxe5 15.Qd3 Be6
16.e4 Bh8 17.f4 f5 18.exf5 Bxf5 19.Bd5+ Be6 20.Rce1 Bf7 21.Bxf7+ Kxf7 22.Qd5+
{#r} 1-0

[Event "Ch Region (1/2 final)"]
[Site "masterchessopen.com Lipetsk (Russia)"]
[Date "2008.10.19"]
[Round "2"]
[White "Smolyaninova Marina (RUS)"]
[Black "Torshin Aleksey (RUS)"]
[Result "1-0"]
[WhiteElo "2013"]
[BlackElo "2230"]

1.Nf3 Nf6 2.g3 g6 3.Bg2 Bg7 4.O-O O-O 5.d4 d6 6.c4 Nc6 7.Nc3 a6 8.Re1 Rb8
9.Rb1 b5 10.cxb5 axb5 11.b4 Nd7 12.Bg5 Qe8 13.Nd5 Rb7 14.Rc1 Nb6 15.Nxb6 Rxb6
16.Qd2 Qd7 17.Rc2 Bb7 18.Rec1 Rc8 19.Be3 Ra6 20.Ng5 Nd8 21.Bh3 e6 22.d5 Qe7
23.dxe6 fxe6 24.Qd3 Bc6 25.Rxc6 Rxc6 26.Rxc6 h6 27.Nxe6 Nxe6 28.Qxg6 Re8
29.Bxh6 Qd7 30.Rxc7 {#r} 1-0

[Event "Olympiad (w)"]
[Site "masterchessopen.com Dresden (Germany)"]
[Date "2008.11.16"]
[Round "4"]
[White "Galojan Lilit (ARM)"]
[Black "Tan Zhongyi (CHN)"]
[Result "0-1"]
[WhiteElo "2305"]
[BlackElo "2395"]

1.d4 Nf6 2.c4 g6 3.g3 Bg7 4.Bg2 O-O 5.Nf3 d6 6.O-O Nc6 7.Nc3 a6 8.h3 Bd7 9.e4
e5 10.Be3 exd4 11.Nxd4 Re8 12.Re1 Rb8 13.Rc1 Ne5 14.b3 c5 15.Nde2 b5 16.f4 Nc6
17.cxb5 axb5 18.Qxd6 b4 19.Na4 Nxe4 20.Qd3 Nd4 21.Bxd4 Bb5 22.Rc4 Bxc4 23.bxc4
Nc3 24.Naxc3 Bxd4+ 25.Nxd4 Rxe1+ 26.Kf2 Qxd4+ 27.Qxd4 cxd4 28.Nb5 Ra1 {#R} 0-1